MARC details
| 000 -CABECERA |
| campo de control de longitud fija |
01087nam a22002051 4500 |
| 001 - NÚMERO DE CONTROL |
| campo de control |
000018348 |
| 005 - FECHA Y HORA DE LA ÚLTIMA TRANSACCIÓN |
| campo de control |
20240503073630.0 |
| 008 - DATOS DE LONGITUD FIJA--INFORMACIÓN GENERAL |
| campo de control de longitud fija |
780607s1968 sp a 000 0 spa |
| 040 ## - FUENTE DE LA CATALOGACIÓN |
| Centro catalogador/agencia de origen |
DO-SdBNP |
| Lengua de catalogación |
spa |
| Centro/agencia transcriptor |
BNPHU |
| 082 ## - NÚMERO DE LA CLASIFICACIÓN DECIMAL DEWEY |
| Número de clasificación |
xxx |
| Número de documento/Ítem |
C419 |
| 100 1# - ENTRADA PRINCIPAL--NOMBRE DE PERSONA |
| Nombre de persona |
Cervantes Saavedra, Miguel de, |
| Fechas asociadas al nombre |
1547-1616 |
| 9 (RLIN) |
3070 |
| 245 00 - MENCIÓN DE TÍTULO |
| Título |
Entremeses / |
| Mención de responsabilidad, etc. |
Miguel De Cervantes Saavedra ; introducción Arturo Souto. |
| 260 ## - PUBLICACIÓN, DISTRIBUCIÓN, ETC. |
| Lugar de publicación, distribución, etc. |
México : |
| Nombre del editor, distribuidor, etc. |
Porrúa, |
| Fecha de publicación, distribución, etc. |
1968. |
| 300 ## - DESCRIPCIÓN FÍSICA |
| Extensión |
210 p. : |
| Otras características físicas |
il. ; |
| Dimensiones |
19 cm. |
| 490 1# - MENCIÓN DE SERIE |
| Mención de serie |
¨Sepan cuantos...¨ |
| Designación de volumen o secuencia |
no. 98 |
| 505 0# - NOTA DE CONTENIDO CON FORMATO |
| Título |
De el juez de los divorcios-- |
| -- |
Del Rufián viudo llamado trampagos -- |
| -- |
De la eleccion de los alcaldes de Daganzo -- |
| -- |
De la guarda cuidadosa -- |
| -- |
Del Vizcaíno fingido -- |
| -- |
Del retablo de las maravillas -- |
| -- |
De la cueva de Salamanca -- |
| -- |
De el viejo celoso -- |
| Información miscelánea |
Atribuidos: |
| Título |
De los habladores -- |
| -- |
De la cárcel de Sevilla -- |
| -- |
De el hospital de los podridos -- |
| -- |
Famosos de los romances -- |
| -- |
De los Mirones |
| 700 2# - PUNTO DE ACCESO ADICIONAL--NOMBRE DE PERSONA |
| Nombre de persona |
Alcina Franch, Juan, |
| Término indicativo de función/relación |
introd. |
| 9 (RLIN) |
39742 |
| 830 #0 - PUNTO DE ACCESO ADICIONAL DE SERIE-TÍTULO UNIFORME |
| Título uniforme |
¨Sepan cuantos...¨ |
| Número de parte o sección de la obra |
no. 98 |
| 9 (RLIN) |
39743 |
| 830 #0 - PUNTO DE ACCESO ADICIONAL DE SERIE-TÍTULO UNIFORME |
| Título uniforme |
Obras maestras de la literatura universal |
| 9 (RLIN) |
39744 |